Online Catalogue and eLibrary

Studies in dravidian phonology and vocabulary (Record no. 3007)

MARC details
000 -LEADER
fixed length control field 00450nam a2200169Ia 4500
005 - DATE AND TIME OF LATEST TRANSACTION
control field 20240815024751.0
008 - FIXED-LENGTH DATA ELEMENTS--GENERAL INFORMATION
fixed length control field 240331s9999 xx 000 0 und d
020 ## - INTERNATIONAL STANDARD BOOK NUMBER
ISBN 915541253X
082 ## - DDC Classification
Item Number - Author Mark Wal
Class No. 410
100 ## - MAIN ENTRY--PERSONAL NAME
Personal name Wallden, R
245 #0 - TITLE STATEMENT
Title Studies in dravidian phonology and vocabulary
260 ## - PUBLICATION, DISTRIBUTION, ETC.
Place of publication, distribution, etc. Stockholm/Sweden
Name of publisher, distributor, etc. Almqvist & wiksell International
Date of publication, distribution, etc. 1982
300 ## - PHYSICAL DESCRIPTION
Extent (e.g. Volumes, Pages etc.) 156 p .,
650 ## - SUBJECT ADDED ENTRY--TOPICAL TERM
Topical term or geographic name entry element Pronunciation
650 ## - SUBJECT ADDED ENTRY--TOPICAL TERM
Topical term or geographic name entry element Indology
942 ## - Koha item type (Biblio)
Koha item type Books in Stacks (Lending)
Holdings
Lost status Damaged status Collection code Home library Current library Shelving location Date acquired Full call number Accession Number Item type
    Lending WERC Library WERC Library Social Science Cupboard 03/31/2024 410 Wal 3253 Books in Stacks (Lending)

© WERC Library